Киноимпровизации - Армагеддон - Statistics

General Stats
  • This quiz has been taken 8 times
  • The average score is 3 of 15
Answers on the Grid
Answers color-coded by a green-red scale on the quiz's grid according to % correct below.
Джентльмены удачи (1971): "Какая отвратительная рожа!"
Бойцовский клуб (1999): диалоги с Тайлером в баре
Сияние (1980): "А вот и Джонни!"
Гарри Поттер и философский камень (2001): "Ты - волшебник, Гарри"
Бешеные псы (1992): танец Мистера Блондина
RRR (2022): танец "Начо"
Форрест Гамп (1994): "Я не чувствую ног..." - "А у тебя их и нет..."
Титаник (1997): "Я - король мира!"
Здравствуйте, я ваша тётя (1975): "Я тебя поцелую... потом... если захочешь"
Славные парни (1990): "Ты думаешь, это смешно?"
Кин-дза-дза (1986): "Правительство на другой планете живёт, родной"
Индиана Джонс (1981): выстрел из пистолета вместо ближнего боя
Рокки (1976): пробежка Рокки по улицам города с толпой
Судья Дредд (1995): "Я - закон!"
В джазе только девушки (1959): "У всех свои недостатки"
Иван Васильевич меняет профессию (1973): "Храните деньги в сберегательной кассе"
Кавказская пленница (1967): "В моём доме не выражаться"
Служебный роман (1977): "... самодура..."
Таксист (1976): "Ты со мной говоришь?"
Джанго освобождённый (2012): Кэлвин Кэнди в сердцах протыкает себе руку
Криминальное чтиво (1994): монолог про наручные часы
Звёздные войны (1980): "Я - твой отец"
Полуночный ковбой (1970): "Эй, здесь я иду!"
Матрица (1999): "Я знаю кунг-фу"
Бриллиантовая рука (1969): "Я - не трус... но я боюсь"
Ирония судьбы (1976): "Какая гадость эта ваша заливная рыба"
От заката до рассвета (1996): танец Сантанико Пандемониум
Мимино (1977): Валико поёт Рубику песню по телефону в конце фильма
Вий (1967): "Поднимите мне веки"
Терминатор (1984): "Я вернусь"
 
Answer Stats
Answer % Correct
Ирония судьбы (1976): "Какая гадость эта ваша заливная рыба"
43%
Бешеные псы (1992): танец Мистера Блондина
43%
Бойцовский клуб (1999): диалоги с Тайлером в баре
43%
Таксист (1976): "Ты со мной говоришь?"
29%
Сияние (1980): "А вот и Джонни!"
29%
Полуночный ковбой (1970): "Эй, здесь я иду!"
14%
Иван Васильевич меняет профессию (1973): "Храните деньги в сберегательной кассе"
14%
Рокки (1976): пробежка Рокки по улицам города с толпой
14%
Звёздные войны (1980): "Я - твой отец"
14%
Индиана Джонс (1981): выстрел из пистолета вместо ближнего боя
14%
Терминатор (1984): "Я вернусь"
14%
Славные парни (1990): "Ты думаешь, это смешно?"
14%
Титаник (1997): "Я - король мира!"
14%
От заката до рассвета (1996): танец Сантанико Пандемониум
0%
Джанго освобождённый (2012): Кэлвин Кэнди в сердцах протыкает себе руку
0%
No matching quizzes found
Score Distribution
Percent of People with Each Score
Percentile by Number Answered
Your Score History
You have not taken this quiz